• 首页
  • 本馆介绍
  • 公告通知
  • 最新文献
  • 馆藏检索
  • 电子资源
  • 读者导购
  • 参考咨询
  • 我的图书馆
  • 登录
  • 详细信息显示
  • 放入我的书架
  • 预约/预借图书
  • 作者相关作品
  • 分类相关作品
  • 丛书相关作品
  • 出版社相关作品

书目信息

  • 表格格式
  • 工作单格式
  • 卡片格式
题名:
园林景观工程数字技术应用
    
 
作者: 王裴 著
分册:  
出版信息: 长春   吉林美术出版社  2017.4
页数: 117页
开本: 24cm
丛书名:
单 册:
中图分类: TU986.2-39
科图分类:
主题词: 数字技术--应用--园林设计--景观设计
电子资源:
ISBN: 978-7-5575-2373-2
000 01133nam0 2200217 450
001 5083
005 20181014094325.63
010    @a978-7-5575-2373-2@dCNY35.00
100    @a20170512d2017 em y0chiy0110 ea
101 0  @achi
102    @aCN@b220000
105    @ay z 000yy
200 1  @a园林景观工程数字技术应用@9yuan lin jing guan gong cheng shu zi ji shu ying yong@f王裴著
210    @a长春@c吉林美术出版社@d2017.4
215    @a117页@d24cm
330    @a随着社会日新月异的变化,数字技术的应用更加广泛。在现代信息社会中,人们已经不能满足于一些陈旧、固定不变的思维模式,更快、更新的新鲜事物层出不穷。环境的规划、景观的设计同样需要跟上时代的步伐,需要新鲜的血液。景观艺术与数字技术相结合能使人们在视觉、听觉、触觉等方面有更多更新的感受,从中体会到时代感、科技感、新奇感,这也正是数字技术在设计领域所不能替代的举足轻重的作用。因此,本书作者结合园林景观工程与数字技术相关知识编写了《园林景观工程数字技术应用》一书,希望对从事园林景观设计领域的人士提供帮助。
606 0  @a数字技术@x应用@x园林设计@x景观设计
690    @aTU986.2-39@v5
701  0 @a王裴@9wang pei@4著
801  0 @aCN@b91CIP@c20170512
905    @aMuseLib@dTU986.2-39@e1474
    
    园林景观工程数字技术应用/王裴著.-长春:吉林美术出版社,2017.4
    117页;24cm
    
    
    ISBN 978-7-5575-2373-2:CNY35.00
    随着社会日新月异的变化,数字技术的应用更加广泛。在现代信息社会中,人们已经不能满足于一些陈旧、固定不变的思维模式,更快、更新的新鲜事物层出不穷。环境的规划、景观的设计同样需要跟上时代的步伐,需要新鲜的血液。景观艺术与数字技术相结合能使人们在视觉、听觉、触觉等方面有更多更新的感受,从中体会到时代感、科技感、新奇感,这也正是数字技术在设计领域所不能替代的举足轻重的作用。因此,本书作者结合园林景观工程与数字技术相关知识编写了《园林景观工程数字技术应用》一书,希望对从事园林景观设计领域的人士提供帮助。
●
相关链接 在E读中查询图书 在五车中查询图书 在当当中查询图书 在豆瓣中查询图书


正题名:园林景观工程数字技术应用     索取号:TU986.2-39/1474         预约/预借

序号 登录号 条形码 馆藏地/架位号 状态 备注
1 1128044   211280442   第二样本阅览室/ [索取号:TU986.2-39/1474] 在馆    
2 1128045   211280451   第三借阅区/ [索取号:TU986.2-39/1474] 在馆    
3 1128046   211280460   第三借阅区/ [索取号:TU986.2-39/1474] 在馆    
4 1128047   211280479   第三借阅区/ [索取号:TU986.2-39/1474] 在馆    
5 1128048   211280488   第三借阅区/ [索取号:TU986.2-39/1474] 在馆    
唐山师范学院图书馆 欢迎您!
大连网信软件有限公司© 版权所有